000 00303nam a22001337a 4500
008 170324b xxu||||| |||| 00| 0 eng d
020 _a2900135029809
041 _aeng
080 _29TH
_a615.83
100 _a8
101 _aSHM
245 _aTHE CAREER FITNESS PROGRAM
_cSUKIENNIK. D
942 _2udc
_cBK
999 _c8631
_d8631